[Event "Irena Warakomska Memorial A"]
[Site "Suwalki"]
[Date "2021.07.29"]
[Round "4"]
[White "Valantiejus, Vaidotas"]
[Black "Klimkowski, Jan"]
[Result "0-1"]
[Board "19"]
[WhiteElo "2124"]
[WhiteCountry "LTU"]
[WhiteFideId "12807370"]
[WhiteEloChange "-5"]
[BlackElo "2322"]
[BlackTitle "FM"]
[BlackCountry "POL"]
[BlackFideId "21856222"]
[BlackEloChange "5"]

1. e4 {[%clk 1:30:55]} c5 {[%clk 1:30:56]} 2. Nf3 {[%clk 1:31:14]} d6 {[%clk
1:31:21]} 3. Bb5+ {[%clk 1:31:21]} Nd7 {[%clk 1:31:44]} 4. d4 {[%clk 1:31:27]}
cxd4 {[%clk 1:32:05]} 5. Qxd4 {[%clk 1:31:43]} a6 {[%clk 1:32:24]} 6. Be2 {[%clk
1:31:51]} e5 {[%clk 1:32:36]} 7. Qe3 {[%clk 1:32:05]} Ngf6 {[%clk 1:32:57]} 8. c4
{[%clk 1:31:35]} d5 {[%clk 1:31:17]} 9. exd5 {[%clk 1:25:19]} Bc5 {[%clk
1:31:41]} 10. Qb3 {[%clk 1:25:10]} e4 {[%clk 1:31:53]} 11. Ng5 {[%clk 1:24:48]}
h6 {[%clk 1:26:06]} 12. Nh3 {[%clk 1:24:57]} O-O {[%clk 1:25:43]} 13. Be3 {[%clk
1:22:54]} Qa5+ {[%clk 1:21:56]} 14. Nd2 {[%clk 1:21:07]} Bd6 {[%clk 1:13:31]} 15.
Qc2 {[%clk 1:07:32]} Re8 {[%clk 0:54:26]} 16. a3 {[%clk 1:01:21]} Qc7 {[%clk
0:44:27]} 17. Rc1 {[%clk 0:54:10]} Be5 {[%clk 0:44:02]} 18. Nb3 {[%clk 0:47:23]}
Nf8 {[%clk 0:43:52]} 19. Qd2 {[%clk 0:42:38]} Bxh3 {[%clk 0:40:24]} 20. gxh3
{[%clk 0:43:05]} Qd7 {[%clk 0:40:22]} 21. Rg1 {[%clk 0:32:15]} Qxh3 {[%clk
0:38:32]} 22. Bf1 {[%clk 0:31:34]} Qxh2 {[%clk 0:37:45]} 23. Rg2 {[%clk 0:31:46]}
Qh5 {[%clk 0:32:51]} 24. Rc3 {[%clk 0:26:34]} Bxc3 {[%clk 0:30:44]} 25. Qxc3
{[%clk 0:26:50]} Ng6 {[%clk 0:31:01]} 26. Bd4 {[%clk 0:25:33]} Ne5 {[%clk
0:29:40]} 27. Bxe5 {[%clk 0:22:57]} Rxe5 {[%clk 0:25:37]} 28. Rg3 {[%clk
0:22:53]} Rae8 {[%clk 0:25:10]} 29. Rh3 {[%clk 0:21:24]} Qg5 {[%clk 0:25:05]} 30.
Rg3 {[%clk 0:21:41]} Qf4 {[%clk 0:25:14]} 31. Qd4 {[%clk 0:20:24]} Rg5 {[%clk
0:23:46]} 32. Rc3 {[%clk 0:18:26]} Nd7 {[%clk 0:23:07]} 33. d6 {[%clk 0:17:29]}
Ne5 {[%clk 0:21:47]} 34. d7 {[%clk 0:16:43]} Rd8 {[%clk 0:22:11]} 35. Nc5 {[%clk
0:16:56]} Nc6 {[%clk 0:22:06]} 36. Qxe4 {[%clk 0:16:00]} Re5 {[%clk 0:22:26]} 0-1

[Event "Irena Warakomska Memorial A"]
[Site "Suwalki"]
[Date "2021.07.29"]
[Round "4"]
[White "Zakrzewski, Marek"]
[Black "Golenia, Wojciech"]
[Result "1-0"]
[Board "20"]
[WhiteElo "2295"]
[WhiteTitle "FM"]
[WhiteCountry "POL"]
[WhiteFideId "1170694"]
[WhiteEloChange "5"]
[BlackElo "2102"]
[BlackCountry "POL"]
[BlackFideId "1175300"]
[BlackEloChange "-5"]

1. e4 {[%clk 1:30:57]} e5 {[%clk 1:28:54]} 2. Nf3 {[%clk 1:31:16]} Nc6 {[%clk
1:28:59]} 3. Bc4 {[%clk 1:31:35]} Nf6 {[%clk 1:29:06]} 4. Ng5 {[%clk 1:31:53]} d5
{[%clk 1:28:59]} 5. exd5 {[%clk 1:32:15]} b5 {[%clk 1:21:23]} 6. Bf1 {[%clk
1:32:33]} h6 {[%clk 1:17:05]} 7. Nf3 {[%clk 1:20:52]} Qxd5 {[%clk 1:11:08]} 8.
Nc3 {[%clk 1:21:00]} Qc5 {[%clk 1:09:51]} 9. Bxb5 {[%clk 1:20:24]} Bd7 {[%clk
1:05:54]} 10. O-O {[%clk 1:19:03]} Bd6 {[%clk 0:52:09]} 11. d3 {[%clk 0:57:50]}
Nd5 {[%clk 0:45:45]} 12. Nxd5 {[%clk 0:58:06]} Qxb5 {[%clk 0:44:25]} 13. c4
{[%clk 0:57:32]} Qb7 {[%clk 0:36:40]} 14. Re1 {[%clk 0:50:58]} O-O {[%clk
0:30:37]} 15. Bxh6 {[%clk 0:44:23]} Be6 {[%clk 0:20:35]} 16. Bd2 {[%clk 0:43:25]}
f6 {[%clk 0:19:39]} 17. Bc3 {[%clk 0:39:46]} Rae8 {[%clk 0:17:40]} 18. d4 {[%clk
0:36:41]} Bg4 {[%clk 0:16:43]} 19. Ne3 {[%clk 0:25:31]} Bh5 {[%clk 0:10:52]} 20.
d5 {[%clk 0:16:57]} Ne7 {[%clk 0:09:58]} 21. g4 {[%clk 0:14:10]} Bg6 {[%clk
0:09:20]} 22. Nh4 {[%clk 0:13:56]} Bh7 {[%clk 0:09:12]} 23. Qb3 {[%clk 0:14:07]}
Qa6 {[%clk 0:08:47]} 24. Qb5 {[%clk 0:06:50]} Qxb5 {[%clk 0:07:16]} 25. cxb5
{[%clk 0:07:17]} Bc5 {[%clk 0:07:38]} 26. Rad1 {[%clk 0:06:23]} Rd8 {[%clk
0:07:32]} 27. Nhf5 {[%clk 0:05:52]} Bxf5 {[%clk 0:07:28]} 28. gxf5 {[%clk
0:05:46]} Bxe3 {[%clk 0:07:33]} 29. fxe3 {[%clk 0:04:50]} e4 {[%clk 0:05:41]} 30.
Bb4 {[%clk 0:01:43]} Rfe8 {[%clk 0:05:44]} 31. d6 {[%clk 0:02:01]} cxd6 {[%clk
0:05:51]} 32. Rxd6 {[%clk 0:02:19]} Rxd6 {[%clk 0:05:54]} 33. Bxd6 {[%clk
0:02:47]} Nxf5 {[%clk 0:06:23]} 34. Bc5 {[%clk 0:03:09]} Re5 {[%clk 0:06:33]} 35.
b4 {[%clk 0:03:16]} Nh4 {[%clk 0:05:48]} 36. Kf2 {[%clk 0:03:29]} Rd5 {[%clk
0:03:16]} 37. Bxa7 {[%clk 0:03:37]} Nf3 {[%clk 0:03:23]} 38. b6 {[%clk 0:02:37]}
Rb5 {[%clk 0:01:25]} 39. Rb1 {[%clk 0:02:31]} Ne5 {[%clk 0:01:47]} 40. a4 {[%clk
0:32:14]} Nd3+ {[%clk 0:31:34]} 41. Ke2 {[%clk 0:31:37]} Rh5 {[%clk 0:31:25]} 42.
b7 {[%clk 0:30:31]} Rxh2+ {[%clk 0:31:49]} 43. Kd1 {[%clk 0:30:53]} 1-0

[Event "Irena Warakomska Memorial A"]
[Site "Suwalki"]
[Date "2021.07.29"]
[Round "4"]
[White "Budrewicz, Krzysztof"]
[Black "Skurniak, Szymon"]
[Result "1-0"]
[Board "21"]
[WhiteElo "2279"]
[WhiteCountry "POL"]
[WhiteFideId "1127950"]
[WhiteEloChange "6"]
[BlackElo "2143"]
[BlackCountry "POL"]
[BlackFideId "21805571"]
[BlackEloChange "-6"]

1. d4 {[%clk 1:30:55]} Nf6 {[%clk 1:30:57]} 2. c4 {[%clk 1:31:07]} g6 {[%clk
1:31:24]} 3. Nc3 {[%clk 1:31:21]} d5 {[%clk 1:31:50]} 4. Nf3 {[%clk 1:31:27]} Bg7
{[%clk 1:32:13]} 5. h4 {[%clk 1:31:31]} c6 {[%clk 1:32:26]} 6. Bf4 {[%clk
1:31:42]} dxc4 {[%clk 1:32:46]} 7. a4 {[%clk 1:32:03]} O-O {[%clk 1:27:17]} 8. e4
{[%clk 1:29:50]} Bg4 {[%clk 1:27:42]} 9. Bxc4 {[%clk 1:29:35]} Nh5 {[%clk
1:16:45]} 10. Be3 {[%clk 1:28:24]} e5 {[%clk 1:10:14]} 11. dxe5 {[%clk 1:19:50]}
Nd7 {[%clk 0:51:03]} 12. Be2 {[%clk 1:05:23]} Nxe5 {[%clk 0:39:47]} 13. Qxd8
{[%clk 1:02:49]} Raxd8 {[%clk 0:39:42]} 14. Nxe5 {[%clk 1:02:21]} Bxe2 {[%clk
0:40:01]} 15. Nxc6 {[%clk 1:01:26]} bxc6 {[%clk 0:40:15]} 16. Kxe2 {[%clk
1:01:49]} Bxc3 {[%clk 0:32:44]} 17. bxc3 {[%clk 1:01:51]} Rfe8 {[%clk 0:33:13]}
18. g4 {[%clk 0:46:06]} Ng7 {[%clk 0:29:24]} 19. Rhd1 {[%clk 0:43:37]} Rxd1
{[%clk 0:25:29]} 20. Rxd1 {[%clk 0:43:38]} h5 {[%clk 0:18:23]} 21. gxh5 {[%clk
0:42:46]} Nxh5 {[%clk 0:17:35]} 22. f3 {[%clk 0:42:25]} f5 {[%clk 0:18:02]} 23.
exf5 {[%clk 0:31:18]} Nf4+ {[%clk 0:13:41]} 24. Kd2 {[%clk 0:29:21]} Ng2 {[%clk
0:13:57]} 25. Bg5 {[%clk 0:28:49]} Re5 {[%clk 0:13:13]} 26. Rg1 {[%clk 0:28:26]}
Rxf5 {[%clk 0:13:27]} 27. Rxg2 {[%clk 0:28:50]} 1-0

[Event "Irena Warakomska Memorial A"]
[Site "Suwalki"]
[Date "2021.07.29"]
[Round "4"]
[White "Jarocka, Liwia"]
[Black "Chyzy, Jakub"]
[Result "1/2-1/2"]
[Board "22"]
[WhiteElo "1984"]
[WhiteTitle "FM"]
[WhiteCountry "POL"]
[WhiteFideId "21807558"]
[WhiteEloChange "7"]
[BlackElo "2257"]
[BlackTitle "FM"]
[BlackCountry "POL"]
[BlackFideId "21806209"]
[BlackEloChange "-7"]

1. Nf3 {[%clk 1:30:56]} Nf6 {[%clk 1:29:01]} 2. b3 {[%clk 1:31:17]} d5 {[%clk
1:23:05]} 3. Bb2 {[%clk 1:31:38]} e6 {[%clk 1:23:15]} 4. e3 {[%clk 1:31:37]} Be7
{[%clk 1:22:38]} 5. d4 {[%clk 1:31:58]} O-O {[%clk 1:22:56]} 6. Bd3 {[%clk
1:32:15]} b6 {[%clk 1:23:09]} 7. O-O {[%clk 1:32:08]} Bb7 {[%clk 1:23:36]} 8.
Nbd2 {[%clk 1:22:47]} Nbd7 {[%clk 1:09:44]} 9. Ne5 {[%clk 1:13:48]} c5 {[%clk
1:00:01]} 10. f4 {[%clk 1:19:33]} cxd4 {[%clk 1:07:32]} 11. exd4 {[%clk 1:19:36]}
Ne4 {[%clk 1:07:53]} 12. Qe2 {[%clk 1:04:11]} Ndf6 {[%clk 1:04:50]} 13. Ndf3
{[%clk 1:00:27]} Rc8 {[%clk 0:57:24]} 14. c4 {[%clk 0:59:00]} Ne8 {[%clk
0:52:50]} 15. Rac1 {[%clk 0:54:31]} f6 {[%clk 0:50:41]} 16. Ng4 {[%clk 0:54:49]}
N8d6 {[%clk 0:50:35]} 17. Ne3 {[%clk 0:53:04]} Nf5 {[%clk 0:42:57]} 18. Bxe4
{[%clk 0:43:20]} dxe4 {[%clk 0:42:21]} 19. Nxf5 {[%clk 0:43:44]} exf5 {[%clk
0:42:31]} 20. Ne1 {[%clk 0:44:06]} b5 {[%clk 0:37:10]} 21. Nc2 {[%clk 0:44:17]}
bxc4 {[%clk 0:37:33]} 22. bxc4 {[%clk 0:44:42]} Qa5 {[%clk 0:35:45]} 23. Ne3
{[%clk 0:44:14]} g6 {[%clk 0:32:39]} 24. Bc3 {[%clk 0:40:33]} Qa4 {[%clk
0:32:00]} 25. Qb2 {[%clk 0:38:57]} Ba6 {[%clk 0:29:25]} 26. Qb3 {[%clk 0:38:18]}
Qc6 {[%clk 0:23:35]} 27. c5+ {[%clk 0:37:34]} Kg7 {[%clk 0:18:43]} 28. Nd5 {[%clk
0:29:29]} Qe6 {[%clk 0:10:13]} 29. Rfe1 {[%clk 0:26:07]} Rb8 {[%clk 0:09:36]} 30.
Nb4 {[%clk 0:26:32]} Bc4 {[%clk 0:09:45]} 31. Qa4 {[%clk 0:25:44]} e3 {[%clk
0:08:07]} 32. Qc6 {[%clk 0:17:54]} Qf7 {[%clk 0:06:28]} 33. Rxe3 {[%clk 0:17:24]}
a5 {[%clk 0:06:28]} 34. Qc7 {[%clk 0:14:49]} Rbe8 {[%clk 0:01:52]} 35. Nc6 {[%clk
0:14:08]} Bd8 {[%clk 0:02:07]} 36. Qxf7+ {[%clk 0:14:23]} Kxf7 {[%clk 0:00:34]}
37. Rxe8 {[%clk 0:14:47]} Rxe8 {[%clk 0:01:01]} 38. Nxd8+ {[%clk 0:15:12]} Rxd8
{[%clk 0:01:30]} 39. Bxa5 {[%clk 0:14:12]} Rxd4 {[%clk 0:01:42]} 40. c6 {[%clk
0:44:25]} Be6 {[%clk 0:30:32]} 41. c7 {[%clk 0:40:18]} Ra4 {[%clk 0:28:04]} 42.
Bb6 {[%clk 0:39:58]} Ra6 {[%clk 0:25:38]} 43. Be3 {[%clk 0:37:23]} Bc8 {[%clk
0:21:44]} 44. Rd1 {[%clk 0:34:00]} Rc6 {[%clk 0:21:35]} 45. Kf2 {[%clk 0:32:42]}
Rxc7 {[%clk 0:20:36]} 46. Rc1 {[%clk 0:33:07]} Rxc1 {[%clk 0:20:47]} 47. Bxc1
{[%clk 0:33:37]} Bd7 {[%clk 0:19:43]} 48. Ke3 {[%clk 0:33:59]} Bc6 {[%clk
0:20:02]} 49. g3 {[%clk 0:34:22]} h5 {[%clk 0:18:42]} 50. Kd4 {[%clk 0:34:44]}
Ke6 {[%clk 0:19:08]} 51. Kc5 {[%clk 0:34:47]} Kd7 {[%clk 0:19:16]} 52. Bb2 {[%clk
0:35:09]} h4 {[%clk 0:16:58]} 53. gxh4 {[%clk 0:34:50]} Bf3 {[%clk 0:17:00]} 54.
Kb6 {[%clk 0:34:21]} Kc8 {[%clk 0:17:19]} 55. Ka7 {[%clk 0:34:33]} Bd1 {[%clk
0:17:14]} 56. h5 {[%clk 0:32:04]} Bxh5 {[%clk 0:17:34]} 57. Bxf6 {[%clk 0:31:49]}
Bd1 {[%clk 0:17:03]} 58. Be5 {[%clk 0:32:08]} Ba4 {[%clk 0:17:27]} 59. Kb6 {[%clk
0:32:31]} Bd1 {[%clk 0:17:50]} 60. Kc6 {[%clk 0:32:54]} Bf3+ {[%clk 0:17:55]} 61.
Kb5 {[%clk 0:33:17]} Kb7 {[%clk 0:18:10]} 62. a4 {[%clk 0:33:42]} Be2+ {[%clk
0:18:20]} 63. Kc5 {[%clk 0:34:03]} Ka6 {[%clk 0:18:44]} 64. Bc3 {[%clk 0:34:26]}
Bd1 {[%clk 0:19:09]} 65. a5 {[%clk 0:34:52]} Be2 {[%clk 0:19:34]} 66. Kd6 {[%clk
0:35:18]} Bf3 {[%clk 0:19:59]} 67. Ke6 {[%clk 0:35:45]} Bg4 {[%clk 0:20:24]} 68.
Kf6 {[%clk 0:36:11]} Bh5 {[%clk 0:20:50]} 69. h3 {[%clk 0:36:37]} Kb5 {[%clk
0:21:17]} 70. Bd2 {[%clk 0:36:58]} Ka6 {[%clk 0:21:44]} 1/2-1/2

[Event "Irena Warakomska Memorial A"]
[Site "Suwalki"]
[Date "2021.07.29"]
[Round "4"]
[White "Kiolbasa, Oliwia"]
[Black "Krzywda, Andrzej"]
[Result "1/2-1/2"]
[Board "23"]
[WhiteElo "2255"]
[WhiteTitle "WIM"]
[WhiteCountry "POL"]
[WhiteFideId "1154613"]
[WhiteEloChange "-4"]
[BlackElo "2105"]
[BlackTitle "CM"]
[BlackCountry "POL"]
[BlackFideId "1114565"]
[BlackEloChange "4"]

1. e4 {[%clk 1:30:57]} c5 {[%clk 1:30:48]} 2. Nf3 {[%clk 1:31:17]} Nc6 {[%clk
1:31:14]} 3. d4 {[%clk 1:31:36]} cxd4 {[%clk 1:31:38]} 4. Nxd4 {[%clk 1:32:00]}
g6 {[%clk 1:32:05]} 5. c4 {[%clk 1:32:15]} Nf6 {[%clk 1:32:14]} 6. Nc3 {[%clk
1:32:28]} d6 {[%clk 1:32:20]} 7. Be2 {[%clk 1:32:11]} Nxd4 {[%clk 1:32:33]} 8.
Qxd4 {[%clk 1:32:31]} Bg7 {[%clk 1:32:57]} 9. Be3 {[%clk 1:32:16]} O-O {[%clk
1:33:20]} 10. Qd2 {[%clk 1:32:39]} a5 {[%clk 1:33:23]} 11. f3 {[%clk 1:31:14]} a4
{[%clk 1:33:27]} 12. Rc1 {[%clk 1:31:25]} Qa5 {[%clk 1:32:59]} 13. Kf2 {[%clk
1:31:26]} Qe5 {[%clk 1:33:20]} 14. Bf4 {[%clk 1:25:00]} Qc5+ {[%clk 1:33:41]} 15.
Be3 {[%clk 1:25:23]} Qe5 {[%clk 1:34:07]} 16. Nb5 {[%clk 1:16:20]} Bd7 {[%clk
1:29:39]} 17. Nd4 {[%clk 1:11:35]} Rfc8 {[%clk 1:27:01]} 18. g3 {[%clk 1:09:36]}
h5 {[%clk 1:13:54]} 19. h4 {[%clk 1:07:33]} Bc6 {[%clk 1:03:46]} 20. Nxc6 {[%clk
1:02:06]} Rxc6 {[%clk 1:00:54]} 21. Kg2 {[%clk 0:54:50]} Nd7 {[%clk 0:58:59]} 22.
Rc2 {[%clk 0:55:03]} Qa5 {[%clk 0:56:02]} 23. Qxa5 {[%clk 0:33:11]} Rxa5 {[%clk
0:56:25]} 24. f4 {[%clk 0:33:24]} Nc5 {[%clk 0:52:39]} 25. Bf3 {[%clk 0:30:43]}
Rb6 {[%clk 0:52:30]} 26. Rb1 {[%clk 0:29:20]} Ra8 {[%clk 0:47:16]} 27. e5 {[%clk
0:26:48]} Rc8 {[%clk 0:46:15]} 28. exd6 {[%clk 0:26:07]} exd6 {[%clk 0:38:55]}
29. Bd5 {[%clk 0:24:37]} Re8 {[%clk 0:32:53]} 30. Kf3 {[%clk 0:19:42]} Rb4 {[%clk
0:31:52]} 31. Bd2 {[%clk 0:19:35]} Rb6 {[%clk 0:31:57]} 32. Be3 {[%clk 0:18:20]}
Rb4 {[%clk 0:32:22]} 33. Bd2 {[%clk 0:18:42]} Rb6 {[%clk 0:32:48]} 34. Ba5 {[%clk
0:11:44]} Ra6 {[%clk 0:32:55]} 35. Bb4 {[%clk 0:11:43]} Nd3 {[%clk 0:25:18]} 36.
Bc3 {[%clk 0:09:53]} Rb6 {[%clk 0:21:25]} 37. Ba5 {[%clk 0:05:59]} Ra6 {[%clk
0:10:01]} 38. Bc3 {[%clk 0:06:13]} Rb6 {[%clk 0:09:19]} 39. Ba5 {[%clk 0:01:02]}
Ra6 {[%clk 0:02:50]} 40. Bd2 {[%clk 0:31:05]} Rb6 {[%clk 0:32:18]} 41. b4 {[%clk
0:15:44]} axb3 {[%clk 0:31:22]} 42. Rxb3 {[%clk 0:14:00]} Rxb3 {[%clk 0:30:25]}
43. axb3 {[%clk 0:14:28]} Bd4 {[%clk 0:19:10]} 44. b4 {[%clk 0:10:27]} Nf2 {[%clk
0:11:10]} 45. Rc1 {[%clk 0:05:14]} Ng4 {[%clk 0:10:01]} 46. Re1 {[%clk 0:05:17]}
Ra8 {[%clk 0:08:44]} 47. Re7 {[%clk 0:03:13]} Ra2 {[%clk 0:04:55]} 48. Re2 {[%clk
0:03:28]} Ra3+ {[%clk 0:04:44]} 49. Kg2 {[%clk 0:03:33]} b6 {[%clk 0:01:12]} 50.
Bf3 {[%clk 0:03:22]} Ra1 {[%clk 0:01:20]} 51. Bxg4 {[%clk 0:02:02]} hxg4 {[%clk
0:01:48]} 52. Be3 {[%clk 0:02:22]} Bxe3 {[%clk 0:01:31]} 53. Rxe3 {[%clk
0:02:51]} Ra2+ {[%clk 0:01:53]} 54. Kf1 {[%clk 0:02:52]} Rc2 {[%clk 0:01:12]} 55.
Re8+ {[%clk 0:02:49]} Kg7 {[%clk 0:01:41]} 56. Rb8 {[%clk 0:03:13]} Rxc4 {[%clk
0:01:53]} 57. Rxb6 {[%clk 0:03:38]} d5 {[%clk 0:01:41]} 58. b5 {[%clk 0:03:11]}
Rb4 {[%clk 0:01:50]} 59. Rb8 {[%clk 0:02:35]} Rb2 {[%clk 0:00:54]} 60. b6 {[%clk
0:02:30]} d4 {[%clk 0:01:16]} 61. b7 {[%clk 0:01:42]} d3 {[%clk 0:01:33]} 62. Ke1
{[%clk 0:01:09]} d2+ {[%clk 0:01:36]} 63. Kd1 {[%clk 0:01:33]} Kf6 {[%clk
0:01:27]} 64. Ke2 {[%clk 0:01:32]} Kf5 {[%clk 0:00:53]} 65. Kd1 {[%clk 0:01:29]}
Kf6 {[%clk 0:01:04]} 66. Ke2 {[%clk 0:01:57]} Kf5 {[%clk 0:01:17]} 67. Re8 {[%clk
0:00:44]} Rxb7 {[%clk 0:01:28]} 68. Re5+ {[%clk 0:01:10]} Kf6 {[%clk 0:01:54]}
69. Kxd2 {[%clk 0:01:36]} Rb2+ {[%clk 0:01:39]} 70. Kc3 {[%clk 0:01:37]} Rf2
{[%clk 0:01:16]} 71. Re3 {[%clk 0:01:42]} Kf5 {[%clk 0:01:03]} 72. Re5+ {[%clk
0:02:04]} Kf6 {[%clk 0:01:32]} 73. Re3 {[%clk 0:02:28]} Kf5 {[%clk 0:01:09]} 74.
Re5+ {[%clk 0:01:13]} Kf6 {[%clk 0:01:38]} 75. Kd4 {[%clk 0:00:35]} Rd2+ {[%clk
0:01:22]} 76. Kc4 {[%clk 0:00:52]} Rg2 {[%clk 0:01:09]} 77. Re3 {[%clk 0:01:18]}
Kf5 {[%clk 0:01:08]} 78. Re5+ {[%clk 0:01:43]} Kf6 {[%clk 0:01:34]} 79. Re3
{[%clk 0:02:09]} Kf5 {[%clk 0:01:38]} 80. Re5+ {[%clk 0:02:34]} Kf6 {[%clk
0:02:05]} 81. Re3 {[%clk 0:03:00]} Kf5 {[%clk 0:01:14]} 82. Re5+ {[%clk 0:03:23]}
1/2-1/2

[Event "Irena Warakomska Memorial A"]
[Site "Suwalki"]
[Date "2021.07.29"]
[Round "4"]
[White "Baum, Jonasz"]
[Black "Golecki, Jan"]
[Result "0-1"]
[Board "24"]
[WhiteElo "2260"]
[WhiteTitle "IM"]
[WhiteCountry "POL"]
[WhiteFideId "1195360"]
[WhiteEloChange "-13"]
[BlackElo "2161"]
[BlackCountry "POL"]
[BlackFideId "1184008"]
[BlackEloChange "13"]

1. d4 {[%clk 1:30:58]} Nf6 {[%clk 1:29:15]} 2. c4 {[%clk 1:31:25]} e6 {[%clk
1:29:38]} 3. Nc3 {[%clk 1:31:50]} Bb4 {[%clk 1:30:02]} 4. g3 {[%clk 1:31:39]} O-O
{[%clk 1:29:17]} 5. Bg2 {[%clk 1:31:50]} d5 {[%clk 1:29:15]} 6. Nf3 {[%clk
1:31:46]} b6 {[%clk 1:29:27]} 7. O-O {[%clk 1:30:54]} Ba6 {[%clk 1:29:26]} 8. Ne5
{[%clk 1:26:31]} c6 {[%clk 1:28:50]} 9. Qb3 {[%clk 1:10:24]} Bd6 {[%clk 1:28:46]}
10. Rd1 {[%clk 1:06:50]} Qe7 {[%clk 1:24:54]} 11. e4 {[%clk 0:45:58]} Nxe4 {[%clk
1:13:41]} 12. Nxe4 {[%clk 0:46:04]} dxe4 {[%clk 1:14:03]} 13. Bxe4 {[%clk
0:45:36]} Bb7 {[%clk 1:02:44]} 14. Nd3 {[%clk 0:29:32]} Nd7 {[%clk 1:00:45]} 15.
c5 {[%clk 0:28:05]} Bb8 {[%clk 0:46:56]} 16. Nb4 {[%clk 0:27:17]} Rc8 {[%clk
0:46:16]} 17. Qf3 {[%clk 0:25:58]} Qf6 {[%clk 0:44:21]} 18. Qg2 {[%clk 0:24:52]}
bxc5 {[%clk 0:35:06]} 19. Nxc6 {[%clk 0:24:12]} Kh8 {[%clk 0:33:48]} 20. h4
{[%clk 0:16:08]} h6 {[%clk 0:26:29]} 21. Qh1 {[%clk 0:16:12]} e5 {[%clk 0:22:26]}
22. Bg5 {[%clk 0:14:46]} Qe6 {[%clk 0:21:41]} 23. d5 {[%clk 0:08:17]} Qe8 {[%clk
0:19:46]} 24. Na5 {[%clk 0:08:36]} f5 {[%clk 0:09:30]} 25. Bxf5 {[%clk 0:07:57]}
Ba6 {[%clk 0:08:10]} 26. d6 {[%clk 0:08:09]} Bxd6 {[%clk 0:07:53]} 27. Rxd6
{[%clk 0:08:25]} Qf8 {[%clk 0:08:18]} 28. Rxa6 {[%clk 0:06:38]} Qxf5 {[%clk
0:08:43]} 29. Be3 {[%clk 0:06:40]} Nb6 {[%clk 0:09:08]} 30. Nb7 {[%clk 0:03:53]}
Qd7 {[%clk 0:06:07]} 31. Nxc5 {[%clk 0:02:11]} Qb5 {[%clk 0:06:33]} 32. Qb7
{[%clk 0:01:33]} Rab8 {[%clk 0:05:06]} 33. Qxa7 {[%clk 0:01:45]} Nd5 {[%clk
0:05:34]} 34. Ra5 {[%clk 0:00:33]} Qxb2 {[%clk 0:05:59]} 35. Rf1 {[%clk 0:00:52]}
Rc7 {[%clk 0:05:00]} 36. Qa6 {[%clk 0:01:02]} Nxe3 {[%clk 0:05:25]} 37. fxe3
{[%clk 0:01:24]} Qc3 {[%clk 0:05:53]} 38. Nb3 {[%clk 0:00:47]} Qxe3+ {[%clk
0:06:18]} 39. Kg2 {[%clk 0:00:36]} Rc2+ {[%clk 0:06:35]} 40. Kh3 {[%clk 0:30:41]}
Qe4 {[%clk 0:36:39]} 41. Nc5 {[%clk 0:11:42]} Qg2+ {[%clk 0:34:06]} 42. Kg4
{[%clk 0:12:09]} Rc3 {[%clk 0:33:47]} 43. Ne6 {[%clk 0:09:22]} g6 {[%clk
0:28:40]} 0-1